000 00372 a2200109 4500
001 ART_27797
005 20260410161949.0
008 260409a
245 1 0 _aReflexiones sobre cuestiones éticas, dirigidas a los profesionales del área de los recursos humanos
100 1 _aBruno, Jorge N.
773 0 _tInvenio
_g- Año 1, Nº 2 (nov. 1998)
_wREV27781
999 _c30230
_d30230